000 00252nam a22000977a 4500
999 _c11792
_d11792
008 200217b ||||| |||| 00| 0 eng d
020 _a0570090288
100 _aUlmer Louise
_97474
245 _aGood Friday
260 _aUSA
_bConcordia Publishing House
_c1992